[Event "POL-chT4 Kujawsko-Pomorskie 1617"]
[Site "Poland"]
[Date "2017.01.08"]
[Round "5.24"]
[White "Kulski, Edward"]
[Black "Gorny, Jacek"]
[Result "0-1"]
[WhiteElo "1258"]
[BlackElo "1527"]
[PlyCount "76"]
[EventDate "2016.11.06"]
[EventType "team-tourn"]
[EventRounds "11"]
[EventCountry "POL"]
[SourceTitle "EXT 2019"]
[Source "ChessBase"]
[SourceDate "2018.10.10"]
[SourceVersion "1"]
[SourceVersionDate "2018.10.10"]
[SourceQuality "1"]

1. e4 d5 2. c3 c5 3. d3 Nc6 4. Nf3 Bg4 5. Be2 Nf6 6. e5 Bxf3 7. Bxf3 Nxe5 8. 0-0 e6 9. Bg5 Be7 10. Re1 Nc6 11. Nd2 Qb6 12. Qb3 Qc7 13. Nf1 0-0 14. Qc2 d4 15. c4 Rab8 16. Qd2 Rfe8 17. b3 Bd8 18. Re2 Qd6 19. Rae1 e5 20. Ng3 Ba5 21. Qc1 Bxe1 22. Nf5 Qe6 23. g4 Ba5 24. Qf1 Ne7 25. Qh3 Nxf5 26. gxf5 Qd6 27. Be4 b5 28. f3 bxc4 29. dxc4 d3 30. Re3 Nxe4 31. Rxe4 d2 32. Bxd2 Qxd2 33. f6 Qg5+ 34. Kf2 Qxf6 35. Rh4 e4 36. Ke3 exf3+ 37. Kf2 Be1+ 38. Kf1 Bxh4 0-1

[Event "Chojnice op"]
[Site "Chojnice"]
[Date "2005.??.??"]
[Round "6"]
[White "Gorny, Jacek"]
[Black "Wodzynski, Mieszko"]
[Result "1-0"]
[WhiteElo "1800"]
[BlackElo "1800"]
[PlyCount "55"]
[EventDate "2005.05.27"]
[EventType "swiss"]
[EventRounds "9"]
[EventCountry "POL"]
[SourceTitle "EXT 2007"]
[Source "ChessBase"]
[SourceDate "2006.11.23"]
[SourceVersion "1"]
[SourceVersionDate "2006.11.23"]
[SourceQuality "1"]

1. e4 e5 2. Nf3 Nc6 3. Bb5 a6 4. Ba4 Bc5 5. b4 Nxb4 6. Nxe5 Bd4 7. Qh5 g6 8. Qf3 Bxe5 9. c3 Nc6 10. d4 Bg7 11. Bb3 Qf6 12. Qg3 h6 13. e5 Qd8 14. Qf4 f6 15. 0-0 f5 16. Re1 Qg5 17. Qf3 Qd8 18. Qd5 Qe7 19. Ba3 d6 20. Nd2 Kd8 21. exd6 Qd7 22. Nc4 Nf6 23. dxc7+ Kxc7 24. Bd6+ Kd8 25. Qc5 Ne8 26. Rxe8+ Kxe8 27. Re1+ Kf7 28. Ne5+ 1-0

[Event "Chojnice op"]
[Site "Chojnice"]
[Date "2005.??.??"]
[Round "5"]
[White "Gorny, Jacek"]
[Black "Zuba, Maciej"]
[Result "0-1"]
[WhiteElo "1800"]
[BlackElo "1800"]
[PlyCount "21"]
[EventDate "2005.05.27"]
[EventType "swiss"]
[EventRounds "9"]
[EventCountry "POL"]
[SourceTitle "EXT 2007"]
[Source "ChessBase"]
[SourceDate "2006.11.23"]
[SourceVersion "1"]
[SourceVersionDate "2006.11.23"]
[SourceQuality "1"]

1. e4 e6 2. d4 d5 3. Nd2 dxe4 4. Nxe4 Nd7 5. Nf3 Ngf6 6. Nxf6+ Nxf6 7. Bd3 Be7 8. 0-0 0-0 9. Qe2 b6 10. Bg5 Bb7 11. Rad1 0-1

[Event "Chojnice op"]
[Site "Chojnice"]
[Date "2005.??.??"]
[Round "1"]
[White "Hasinski, Sebastian"]
[Black "Gorny, Jacek"]
[Result "1-0"]
[WhiteElo "1811"]
[BlackElo "1800"]
[PlyCount "53"]
[EventDate "2005.05.27"]
[EventType "swiss"]
[EventRounds "9"]
[EventCountry "POL"]
[SourceTitle "EXT 2007"]
[Source "ChessBase"]
[SourceDate "2006.11.23"]
[SourceVersion "1"]
[SourceVersionDate "2006.11.23"]
[SourceQuality "1"]

1. Nf3 Nf6 2. c4 g6 3. d4 Bg7 4. Nc3 d5 5. Bf4 c6 6. e3 Qa5 7. a3 dxc4 8. Bxc4 Nd5 9. Bxd5 cxd5 10. 0-0 a6 11. Rc1 Nc6 12. Qb3 e6 13. Bd6 Qd8 14. Bg3 0-0 15. Ne5 Nxe5 16. Bxe5 Bxe5 17. dxe5 b5 18. Rfd1 Bb7 19. Ne4 Qe7 20. Nf6+ Kg7 21. e4 Rfd8 22. Qh3 h6 23. exd5 Bxd5 24. Rc3 Bxg2 25. Rxd8 Bxh3 26. Rxa8 Qb7 27. Rg8# 1-0